00357 a2200121 450000100060000010000160000624500340002226000360005609000170009294200230010999900190013295200840015142848 aCholra V.D aStudies in Indo pak relations aNew DelhibPatriot publishersc c26738d26738 aNUST-CAEcMc18600 c277921d277921 001040708NFICaCAEbCAEd2017-04-03l0pCAE42102r2017-04-05w2017-04-05yBK